ბათუმის შოთა რუსთაველის სახელმწიფო უნივერსიტეტის ბიბლიოთეკა

კაზუსები და მათი ამოხსნის მეთოდები სანივთო სამართალში: (ბიბ.ჩანაწერი № 49369)

000 -LEADER
fixed length control field 01110nam a2200241Ia 4500
001 - CONTROL NUMBER
control field 16286
003 - CONTROL NUMBER IDENTIFIER
control field GE_BSU
008 - FIXED-LENGTH DATA ELEMENTS--GENERAL INFORMATION
fixed length control field 181216s||||||||xx |||||||||||||| ||und||
020 ## - INTERNATIONAL STANDARD BOOK NUMBER
International Standard Book Number 9789941935480
040 ## - CATALOGING SOURCE
Transcribing agency GE_BSU
080 ## - UNIVERSAL DECIMAL CLASSIFICATION NUMBER
Universal Decimal Classification number 347.22
100 ## - MAIN ENTRY--PERSONAL NAME
Personal name მარიამიძე, გიორგი
245 ## - TITLE STATEMENT
Title კაზუსები და მათი ამოხსნის მეთოდები სანივთო სამართალში:
245 ## - TITLE STATEMENT
Remainder of title სახელმძღვ.კონსპექტი იურისტებისათვის სამართალში:წ.1:ნაწ.1.საკუთრების შეძენა და დაკარგვა უძრავ და მოძრავ ნივთებზე
260 ## - PUBLICATION, DISTRIBUTION, ETC.
Place of publication, distribution, etc. თბილისი
260 ## - PUBLICATION, DISTRIBUTION, ETC.
Name of publisher, distributor, etc. იურისტების სამყარო
260 ## - PUBLICATION, DISTRIBUTION, ETC.
Date of publication, distribution, etc. 2014
300 ## - PHYSICAL DESCRIPTION
Extent 325გვ;20სმ.
653 ## - INDEX TERM--UNCONTROLLED
Uncontrolled term სამათალი. სანივთო სამართალი.
653 ## - INDEX TERM--UNCONTROLLED
Uncontrolled term სამართალი
942 ## - ADDED ENTRY ELEMENTS (KOHA)
Koha item type წიგნი
ეგზემპლარები
Withdrawn status Lost status Damaged status Not for loan Date acquired Barcode Date last seen Price effective from Koha item type
        2018-12-17 40722 2018-12-17 2018-12-17 წიგნი
        2018-12-17 40723 2018-12-17 2018-12-17 წიგნი